• 首页
  • 本馆介绍
  • 公告通知
  • 最新文献
  • 馆藏检索
  • 电子资源
  • 读者导购
  • 参考咨询
  • 我的图书馆
  • 登录
  • 详细信息显示
  • 放入我的书架
  • 预约/预借图书
  • 作者相关作品
  • 分类相关作品
  • 丛书相关作品
  • 出版社相关作品

书目信息

  • 表格格式
  • 工作单格式
  • 卡片格式
题名:
读英文名著 提读写水平
    
 
作者: 郭贤良 著
分册:  
出版信息: 长春   吉林文史出版社有限责任公司  2020
页数: 199页
开本: 24cm
丛书名: 名师名校名校长书系
单 册:
中图分类: G633.412
科图分类:
主题词: 英语--阅读教学--教学研究--中学
电子资源:
ISBN: 978-7-5472-7276-3
000 00904nam0 2200241 450
001 2377482631
005 20231022213133.21
010    @a978-7-5472-7276-3@dCNY45.00
100    @a20210220d2020 em y0chiy50 ea
101 0  @achi@aeng
102    @aCN@b220000
105    @aa z 000yy
200 1  @a读英文名著 提读写水平@Adu ying wen ming zhu ti du xie shui ping@e郭贤良英语教学思考与践行@f郭贤良著
210    @a长春@c吉林文史出版社有限责任公司@d2020
215    @a199页@c图@d24cm
225 1  @a名师名校名校长书系
330    @a本书分七章,内容包括:重视名著阅读 提升英语水平、基于学习动机 激活阅读兴趣、借助英文阅读 扩充词汇容量、掌握阅读技巧 增强阅读能力、应用名著筒本 促进英文读写等。
410  0 @12001 @a名师名校名校长书系
606 0  @a英语@x阅读教学@x教学研究@x中学
690    @aG633.412@v5
701  0 @a郭贤良@Aguo xian liang@4著
801  0 @aCN@b91MARC@c20210530
905    @aZUCC@dG633.412@e15
    
    读英文名著 提读写水平:郭贤良英语教学思考与践行/郭贤良著.-长春:吉林文史出版社有限责任公司,2020
    199页:图;24cm.-(名师名校名校长书系)
    
    
    ISBN 978-7-5472-7276-3:CNY45.00
    本书分七章,内容包括:重视名著阅读 提升英语水平、基于学习动机 激活阅读兴趣、借助英文阅读 扩充词汇容量、掌握阅读技巧 增强阅读能力、应用名著筒本 促进英文读写等。
●
相关链接 在五车中查询图书 在当当中查询图书 在豆瓣中查询图书


正题名:读英文名著 提读写水平     索取号:G633.412/15         预约/预借

序号 登录号 条形码 馆藏地/架位号 状态 备注
1 2001034947   2001034947   第四书库/四8架A面3层2列/ [索取号:G633.412/15] 在馆    
2 2001034948   2001034948   第四书库/四8架A面3层2列/ [索取号:G633.412/15] 在馆    
3 2001034949   2001034949   第四书库/四8架A面3层2列/ [索取号:G633.412/15] 在馆    
4 2001034950   2001034950   第四书库/四8架A面3层2列/ [索取号:G633.412/15] 在馆    
5 2001034951   2001034951   第四书库/四8架A面3层2列/ [索取号:G633.412/15] 在馆    
6 2001034952   2001034952   第四书库/四8架A面3层2列/ [索取号:G633.412/15] 在馆    
山东省滨州职业学院图书馆 欢迎您!
大连网信软件有限公司© 版权所有